La primera administración del generalísimo Trujillo Molina / (Registro nro. 93061)

Detalles MARC
000 -LEADER
campo de control de longitud fija 00968nam a2200205 i 4500
001 - NÚMERO DE CONTROL
campo de control 93061
003 - IDENTIFICADOR DE NÚMERO DE CONTROL
campo de control ES-MaACL
005 - FECHA Y HORA DE LA ÚLTIMA TRANSACCIÓN
campo de control 20230906181123.0
007 - CAMPO FIJO DE DESCRIPCIÓN FÍSICA--INFORMACIÓN GENERAL
campo de control de longitud fija t|
008 - DATOS DE LONGITUD FIJA--INFORMACIÓN GENERAL
campo de control de longitud fija 050407s1934 dr |||| |dspa d
100 1# - ENTRADA PRINCIPAL--NOMBRE DE PERSONA
Nombre de persona Logroño, Arturo.
9 (RLIN) 73128
245 13 - MENCIÓN DEL TÍTULO
Título La primera administración del generalísimo Trujillo Molina /
Mención de responsabilidad, etc. circular informativa dirigida por el lic. Arturo Logroño, secretario de Estado de relaciones exteriores, al cuerpo diplomático y consular de la República.
260 ## - PUBLICACIÓN, DISTRIBUCIÓN, ETC.
Lugar de publicación, distribución, etc. Santo Domingo :
Nombre del editor, distribuidor, etc. [s.n.],
Fecha de publicación, distribución, etc. 1934 (
Fabricante Imp. Listin Diario)
300 ## - DESCRIPCIÓN FÍSICA
Extensión 105 p. :
Otras características físicas 1 retr. ;
Dimensiones 24 cm.
500 ## - NOTA GENERAL
Nota general Precede al tít.: República Dominicana, Secretaría de Estado de Relaciones Exteriores.
600 14 - PUNTO DE ACCESO ADICIONAL DE MATERIA--NOMBRE DE PERSONA
Nombre de persona Trujillo Molina, Rafael Leónidas.
9 (RLIN) 111579
651 #4 - PUNTO DE ACCESO ADICIONAL DE MATERIA--NOMBRE GEOGRÁFICO
Nombre geográfico República Dominicana-
Subdivisión general Política y gobierno-
Subdivisión cronológica 1930-1961.
9 (RLIN) 169290
710 1# - ENTRADA AGREGADA--NOMBRE DE ENTIDAD CORPORATIVA
Nombre de entidad corporativa o nombre de jurisdicción como elemento de entrada República Dominicana.
Unidad subordinada Secretaría de Estado de Relaciones Exteriores.
9 (RLIN) 169296
852 ## - LOCALIZACIÓN
Ubicación ES-MaACL
Número de control de estantería 1803-F-10
Existencias
Estatus retirado Estado de pérdida Estado de daño No para préstamo Colección Biblioteca de origen Biblioteca actual Ubicación en estantería Fecha de adquisición Fuente de adquisición Total de préstamos Signatura topográfica completa Código de barras Visto por última vez Precio de reemplazo Tipo de ítem Koha
        Colección de folletos Biblioteca del Ateneo de Madrid Biblioteca del Ateneo de Madrid Depósito folletos 17/01/2008     1803-F-10 1097144 23/02/2023 23/02/2023 Folleto